| 000 | 00391nam a2200157Ia 4500 | ||
|---|---|---|---|
| 008 | 230711s9999||||xx |||||||||||||| ||und|| | ||
| 041 | _aENG | ||
| 082 |
_a720 _bCA-E |
||
| 100 | _aAnthony J. Carisiti | ||
| 245 | 0 | _aElectronic telephone projects | |
| 250 | _a2nd Ed. | ||
| 260 |
_c1991 _aHarlow _bLongman Higher Education |
||
| 300 | _a244 | ||
| 650 | _aElectrical Engineering | ||
| 942 | _cBK | ||
| 999 |
_c1737 _d1737 |
||